[Event "27th Open"]
[Site "Munich GER"]
[Date "2007.09.29"]
[Round "1"]
[White "Deglmann,L"]
[Black "Jukic,Ma"]
[Result "1-0"]
[WhiteElo "2320"]
[BlackElo "2084"]

1.d4 d5 2.Nf3 Nf6 3.c4 c6 4.Nbd2 Bf5 5.Nh4 Bd7 6.g3 e6 7.Bg2 Be7 8.O-O O-O
9.Qc2 Na6 10.a3 c5 11.dxc5 Nxc5 12.cxd5 Nxd5 13.Nf5 Rc8 14.Nxe7+ Qxe7 15.b4 Na4
16.Qd3 Qf6 17.Rb1 Rc3 18.Ne4 Qe7 19.Nxc3 Ndxc3 20.Ra1 Bb5 21.Qe3 Bxe2 22.Re1 Ba6
23.Bd2 Nb5 24.Qb3 Nb6 25.Be3 Rc8 26.Rac1  1-0

[Event "Magistral ITT ENDESA"]
[Site "Santiago CHI"]
[Date "2007.09.30"]
[Round "5"]
[White "Arancibia Guzman,E"]
[Black "Alonso,S"]
[Result "0-1"]
[WhiteElo "2358"]
[BlackElo "2403"]

1.d4 d5 2.c4 c6 3.Nf3 Nf6 4.Qc2 dxc4 5.Qxc4 Bf5 6.g3 e6 7.Bg2 Be7 8.O-O O-O
9.e3 Nbd7 10.Nc3 Ne4 11.Qe2 Nxc3 12.bxc3 Be4 13.Nh4 Bxg2 14.Nxg2 Qa5 15.Bd2 Qa4
16.e4 c5 17.Be3 b5 18.Rad1 Rfd8 19.h4 Nf6 20.f3 cxd4 21.cxd4 Rac8 22.Rf2 Rc3
23.Rd2 b4 24.Kh2 a5 25.Bg5 h6 26.Bxf6 Bxf6 27.d5 exd5 28.e5 Be7 29.e6 Qc6
30.Nf4 Bc5 31.e7 Re8 32.Nxd5 Bxf2 33.Qxf2 Rc5 34.Qd4 Rc4 35.Qd3 a4 36.Nb6 Rc3
37.Qd8 Kh7 38.Nd7 Qxf3 39.Nf8+ Kg8 40.Rg2 Rc8 41.Qd6 b3 42.axb3 axb3  0-1

[Event "WJun Girls"]
[Site "Yerevan ARM"]
[Date "2007.10.09"]
[Round "7"]
[White "Darbinyan,N"]
[Black "Salvador,A"]
[Result "0-1"]
[WhiteElo "2089"]
[BlackElo "1927"]

1.Nf3 d5 2.d4 Nf6 3.c4 c6 4.Qc2 g6 5.Bf4 dxc4 6.Qxc4 Bg7 7.e3 Nbd7 8.Be2 Nb6
9.Qc1 Bf5 10.a3 Rc8 11.h3 O-O 12.O-O Nbd5 13.Be5 Bh6 14.Nbd2 Nd7 15.Bh2 c5
16.Qd1 cxd4 17.e4 Nc5 18.Qb1 d3 19.Bxd3 Nf4 20.Bc2 Be6 21.b4 Ne2+ 22.Kh1 Nc3
23.Qe1 Nd3 24.Bxd3 Qxd3 25.Nb1 Nxe4 26.Ne5 Qd4  0-1

[Event "IV Veterans"]
[Site "Calvia ESP"]
[Date "2007.10.19"]
[Round "5"]
[White "Lazaro Porta,A"]
[Black "Ruiz,JH"]
[Result "1-0"]
[WhiteElo "2038"]
[BlackElo "2222"]

1.Nf3 Nf6 2.c4 c6 3.g3 d5 4.d4 e6 5.Nc3 Be7 6.Bg2 Nbd7 7.O-O O-O 8.Qc2 b6
9.Rd1 Bb7 10.b3 Rc8 11.Bb2 Qc7 12.Rac1 dxc4 13.bxc4 c5 14.d5 exd5 15.cxd5 a6
16.Ng5 Rb8 17.d6 Bxd6 18.Bxb7 h6 19.Bxa6 hxg5 20.Nb5  1-0

[Event "TCh-FIN 2007-8"]
[Site "Finland FIN"]
[Date "2007.10.20"]
[Round "3"]
[White "Koskinen,Hen"]
[Black "Paasikangas,J"]
[Result "1/2-1/2"]
[WhiteElo "2295"]
[BlackElo "2296"]

1.d4 d5 2.c4 c6 3.Nf3 Nf6 4.Qc2 e6 5.g3 Bd6 6.Bg2 Nbd7 7.O-O O-O 8.Nbd2 Re8
9.Rd1 Qe7 10.e4 dxe4 11.Nxe4 Nxe4 12.Qxe4 f6 13.b3 Qf7 14.Bf4 Be7 15.Re1 Nf8
16.Qc2 g5 17.Bc1 g4 18.Nd2 Ng6 19.Bb2 Bb4 20.Bc3 Bf8 21.Re2 Bg7 22.Ne4 Qc7
23.Rae1 Rf8 24.c5 Bd7 25.Nd6 Ne7 26.Bb2 Nd5 27.h3 gxh3 28.Bxh3 f5 29.a3 Rf6
30.Nc4 Raf8 31.Ne5 Rh6 32.Bg2 Bxe5 33.Rxe5 Qd8 34.Bc1 Rg6 35.Qd3 Nf6 36.R5e2 Bc8
37.Bf4 Rf7 38.Bd6 Nh5 39.Bf3 Qh4 40.Rxe6 Bxe6 41.Rxe6 Nf6 42.d5 cxd5 43.Bxd5 Kg7
44.Be5 Qg5 45.Qc3 Qg4 46.Bf3 Qh3 47.b4 f4 48.Rxf6 Rgxf6 49.Bxf4 Kg8 50.Bg2 Qe6
51.b5 Rd7 52.c6 bxc6 53.bxc6 Rd1+ 54.Kh2 Rxf4 55.gxf4 Qh6+ 56.Kg3 Qg7+ 57.Qxg7+ Kxg7
58.Bh3 Rc1 59.Bd7 Kf6 60.Kg4 a5 61.f5 Rc4+ 62.f4 h6 63.Kg3 Rc3+ 64.Kg4 Ke7
65.a4 Kf6  1/2-1/2

[Event "ch-Euro Blitz"]
[Site "Ajaccio FRA"]
[Date "2007.10.25"]
[Round "10"]
[White "Fridman,D2"]
[Black "Cabanes,K"]
[Result "1-0"]
[WhiteElo "2621"]
[BlackElo "1908"]

1.d4 d5 2.Nf3 Nf6 3.c4 c6 4.Qc2 dxc4 5.Qxc4 Bf5 6.g3 e6 7.Bg2 Bd6 8.O-O O-O
9.Nbd2 Nbd7 10.Qb3 Qb6 11.Nc4 Qxb3 12.axb3 Bc7 13.Nfe5 Nxe5 14.dxe5 Nd7 15.e4 Bg6
16.f4 f6 17.exf6 gxf6 18.Be3 e5 19.Rfd1 Rad8 20.Rxa7 exf4 21.gxf4 Bb8 22.Rxb7 Rf7
23.Ra1  1-0

[Event "ch-Euro Blitz"]
[Site "Ajaccio FRA"]
[Date "2007.10.25"]
[Round "18"]
[White "Fridman,D2"]
[Black "Zermiche,C"]
[Result "1-0"]
[WhiteElo "2621"]
[BlackElo "2162"]

1.d4 Nf6 2.Nf3 d5 3.c4 c6 4.Qc2 g6 5.Bf4 Bg7 6.e3 O-O 7.Nc3 a6 8.c5 Qa5 9.a3 Nbd7
10.h3 Qd8 11.Be2 b6 12.b4 Bb7 13.O-O Re8 14.Bh2 Rc8 15.Rab1 Kh8 16.a4 Ng8
17.cxb6 Nxb6 18.Ne5 Nh6 19.Nd3 Nc4 20.Rbd1 e5 21.dxe5 Nxe5 22.Nxe5 Bxe5 23.Bxe5+ Rxe5
24.Qb2 Qe7 25.f4 d4 26.fxe5 dxc3 27.Qxc3 Nf5 28.e4 Ng7 29.Bc4 Ne6 30.Bxe6 fxe6
31.Qc5 Qg5 32.Rd7 Qh6 33.Rxb7  1-0

[Event "Open A"]
[Site "Arco di Trento ITA"]
[Date "2007.10.25"]
[Round "6"]
[White "Serafimov,T"]
[Black "Jensen,Le"]
[Result "1-0"]
[WhiteElo "2379"]
[BlackElo "2091"]

1.d4 d5 2.c4 c6 3.Nf3 Nf6 4.Qc2 e6 5.Nbd2 Bb4 6.a3 Bxd2+ 7.Bxd2 O-O 8.Bg5 Nbd7
9.e3 h6 10.Bh4 g5 11.Bg3 Ne4 12.Nd2 Nxd2 13.Qxd2 Qe7 14.h4 g4 15.O-O-O h5
16.f3 f5 17.e4 dxe4 18.fxe4 Nf6 19.Bd3 Nxe4 20.Bxe4 fxe4 21.Rhf1 Rf5 22.Be5 Kh7
23.g3 Bd7 24.Qe2 Raf8 25.Qxe4 Qf7 26.Bd6 Re8 27.Rf4 Qg6 28.Re1 Rxf4 29.Qxf4 Qf5
30.Qd2 Rg8 31.Bf4 Rg7 32.Re5 Qf7 33.Qa5 b5 34.Qxa7 bxc4 35.Qc5 Be8 36.Qxc4 Qd7
37.Qxe6 Qxd4 38.Qh6+ Kg8 39.Rxe8+ Kf7 40.Qe6+  1-0

[Event "Open A"]
[Site "Arco di Trento ITA"]
[Date "2007.10.25"]
[Round "6"]
[White "Serafimov,Di"]
[Black "Lazic,Mir"]
[Result "0-1"]
[WhiteElo "2168"]
[BlackElo "2493"]

1.d4 d5 2.Nf3 Nf6 3.c4 c6 4.Qc2 dxc4 5.Qxc4 Bf5 6.Nc3 Nbd7 7.g3 e6 8.Bg2 Be7
9.O-O O-O 10.Bg5 Rc8 11.Rfd1 Bc2 12.e4 Nxe4 13.Bxe7 Qxe7 14.Rdc1 Nd6 15.Qb4 Bg6
16.Re1 Nf6 17.Ne5 Nf5 18.Qa4 b5 19.Qa6 Nxd4 20.Rad1 Qc5 21.Qa5 Rcd8 22.a4 Rd6
23.Rc1 Nb3 24.Nxb5 Nxc1 25.b4 Ne2+ 26.Kf1 Qxe5 27.Nxd6 Qxd6  0-1

[Event "22nd GP Open A"]
[Site "Le Touquet FRA"]
[Date "2007.10.28"]
[Round "2"]
[White "Heinis,V"]
[Black "Starostits,I"]
[Result "0-1"]
[WhiteElo "2202"]
[BlackElo "2511"]

1.d4 d5 2.c4 dxc4 3.Nf3 c6 4.e3 Be6 5.Ne5 Nf6 6.Nxc4 c5 7.Nc3 cxd4 8.exd4 Nc6
9.Be3 Nd5 10.Qa4 Nb6 11.Nxb6 axb6 12.Qd1 Bd5 13.Nxd5 Qxd5 14.Be2 Qxg2 15.Bf3 Qh3
16.d5 Ne5 17.Be2 f6 18.Bxb6 e6 19.d6 Qg2 20.Rf1 Qe4 21.f4 Nc6 22.Bc7 Kd7
23.f5 exf5 24.Qb3 Qxe2+ 25.Kxe2 Nd4+  0-1

[Event "Corsica Masters"]
[Site "Bastia FRA"]
[Date "2007.10.29"]
[Round "1.1"]
[White "Landa,K"]
[Black "Guliyev,N"]
[Result "1/2-1/2"]
[WhiteElo "2678"]
[BlackElo "2560"]

1.Nf3 Nf6 2.c4 c6 3.d4 d5 4.Qb3 e6 5.g3 Be7 6.Bg2 O-O 7.O-O b6 8.Nc3 Bb7
9.Bf4 Nbd7 10.cxd5 exd5 11.Rfd1 Re8 12.Rac1 Bf8 13.Bg5 h6 14.Bxf6 Qxf6 15.e3 Bd6
16.Qc2 Qe6 17.Ne1 Nf6 18.Nd3 Rad8 19.Qa4 Bb8 20.b4 h5 21.b5 h4 22.bxc6 Bxc6
23.Qc2 Bb7 24.Qe2 Rc8 25.Qf3 Ne4 26.Ne2 hxg3 27.hxg3 Rxc1 28.Rxc1 Rc8 29.Nef4 Rxc1+
30.Nxc1 Qc8 31.Ncd3 Qc4 32.Ne5 Bxe5 33.dxe5 Qxa2 34.e6 Qa1+ 35.Kh2 Qf6 36.Qh5 g5
37.Bxe4 dxe4 38.exf7+ Kg7 39.Nh3 Bc8 40.g4 Be6 41.Nxg5 Qxf2+ 42.Kh1 Qe1+
43.Kh2 Qe2+ 44.Kh1 Qf1+ 45.Kh2 Qf2+ 46.Kh1 Qf1+ 47.Kh2 Qe2+ 48.Kh1 Qf1+ 49.Kh2 Qf2+
50.Kh1 Qf1+ 51.Kh2 Bc8  1/2-1/2

[Event "7th Rohde Open"]
[Site "Sautron FRA"]
[Date "2007.10.29"]
[Round "3"]
[White "Petkov,V"]
[Black "Mullon,J"]
[Result "1-0"]
[WhiteElo "2508"]
[BlackElo "2339"]

1.d4 d5 2.c4 c6 3.Nf3 Nf6 4.Qc2 g6 5.cxd5 cxd5 6.Bg5 Ne4 7.Bh4 Nc6 8.Nc3 Bg7
9.e3 O-O 10.Be2 h6 11.Nxe4 dxe4 12.Nd2 f5 13.Bc4+ Kh8 14.Bg3 Nxd4 15.exd4 f4
16.Qxe4 Qxd4 17.Qe2 fxg3 18.hxg3 Bg4 19.Nf3 Qf6 20.Bd5 Rad8 21.Be4 Bf5 22.Bxf5 gxf5
23.Rb1 e5 24.Rh5 Qe6 25.b3 e4 26.Nh4 Kg8 27.Kf1 Rd5 28.Rd1 Rfd8 29.Rxd5 Rxd5
30.Kg1 b5 31.Kh2 a6 32.Qc2 Qd7 33.a4 Kh7 34.Rxf5 Rd3 35.axb5 axb5 36.Qe2 Qe8
37.Rf3 Rd5 38.Rf4 Re5 39.Nf5 Bf6 40.Qc2 Kh8 41.Ne3 Bg5 42.Rf5 Rxf5 43.Nxf5 Qe5
44.Qc8+ Kh7 45.Qd7+ Kg6 46.Nd6 Qd5 47.Qe8+ Kg7 48.Nxb5 e3 49.Nc7 exf2 50.Nxd5 f1=Q
51.Qe5+ Kf7 52.Nf4  1-0

[Event "VIII Int Rapid"]
[Site "El Sauzal ESP"]
[Date "2007.11.03"]
[Round "3"]
[White "Kurajica,B"]
[Black "Leon Varela,L"]
[Result "1/2-1/2"]
[WhiteElo "2554"]
[BlackElo "2200"]

1.d4 d5 2.Nf3 Nf6 3.c4 c6 4.Qc2 dxc4 5.Qxc4 b5 6.Qc2 Bb7 7.e4 e6 8.Bd3 Nbd7
9.O-O a6 10.a4 Rc8 11.axb5 cxb5 12.Qe2 Be7 13.Bd2 Qc7 14.Nc3 O-O 15.e5 Nd5
16.Nxd5 Bxd5 17.Rxa6 Qb7 18.Ra5 Bc4 19.Rfa1 Ra8 20.Qe4 Qxe4 21.Bxe4 Rxa5
22.Bxa5 Rc8 23.Rc1 Bd8 24.Bxd8 Rxd8 25.Ra1 Nb6  1/2-1/2

[Event "KNSB TCh-NED 2007-8"]
[Site "Netherlands NED"]
[Date "2007.11.03"]
[Round "3"]
[White "Van Beek,Al"]
[Black "Rietveld,R"]
[Result "0-1"]
[WhiteElo "2338"]
[BlackElo "2158"]

1.d4 d5 2.c4 c6 3.Nf3 Nf6 4.Qb3 e6 5.g3 Be7 6.Bg2 O-O 7.O-O Nbd7 8.Bf4 a6
9.Nc3 b5 10.c5 Nh5 11.e4 Nxf4 12.gxf4 Qc7 13.Ne5 Nf6 14.f3 Nh5 15.Ne2 f6
16.Nd3 Bd7 17.f5 Kh8 18.Bh3 exf5 19.exd5 cxd5 20.Qxd5 g6 21.b4 Bc6 22.Qb3 Rad8
23.Rad1 Rfe8 24.Qb2 Bf8 25.Qd2 Bh6 26.f4 Ba8 27.Bg2 Bxg2 28.Kxg2 Qc6+ 29.Kg1 Qd5
30.Ne1 g5 31.Ng2 Qc4 32.Rfe1 gxf4 33.Nexf4 Nxf4 34.Nxf4 Rg8+ 35.Kf2 Rg4 36.Kf3 Rxf4+
37.Qxf4 Bxf4 38.Kxf4 Rxd4+  0-1

[Event "KNSB TCh-NED 2007-8"]
[Site "Netherlands NED"]
[Date "2007.11.03"]
[Round "3"]
[White "De Jong,JW"]
[Black "Maenhout,T"]
[Result "1-0"]
[WhiteElo "2445"]
[BlackElo "2277"]

1.d4 d5 2.c4 c6 3.Nf3 Nf6 4.Qc2 dxc4 5.Qxc4 Bf5 6.g3 e6 7.Bg2 Nbd7 8.O-O Be7
9.Nc3 O-O 10.Re1 Ne4 11.Qb3 Qb6 12.Nh4 Bxh4 13.gxh4 Ndf6 14.f3 Nxc3 15.bxc3 Qxb3
16.axb3 Bc2 17.Ra3 a5 18.Bd2 a4 19.bxa4 Rxa4 20.Rxa4 Bxa4 21.Ra1 b5 22.e4 Rd8
23.Be3 Ne8 24.Bf1 Nd6 25.Kf2 h6 26.Bf4 Nb7 27.Bc7 Rc8 28.Bb6 Nd6 29.h5 Ne8
30.c4 Nf6 31.Ke3 Nxh5 32.d5 exd5 33.exd5 Nf6 34.Kd4 cxd5 35.cxb5 Bb3 36.Ba7 Nd7
37.b6 Nc5 38.Bh3 Rc6 39.Ra5 Nb7 40.Ra3 Bc4 41.Bd7 Rg6 42.Bc8 Nd6 43.Kc5 Rf6
44.b7 Nxb7+ 45.Bxb7 Rf5 46.Bb6 Kh7 47.Bc7 Rg5 48.Bc8 h5 49.Bg3 h4 50.Bxh4 Rg2
51.Bg3 g6 52.Bb7 Rd2 53.Be5 g5 54.Bc8 Kg6 55.Bb7 f6 56.Bg3 f5 57.f4 Kh5 58.Ra8 gxf4
59.Rh8+ Kg4 60.Rh4+ Kg5 61.Rxf4 Rd1 62.Bc6 Be2 63.Bxd5 Bg4 64.Kd6 Kf6 65.Bh4+ Kg6
66.Bg3 Kf6 67.Rf2 Kg6 68.Ke5 Re1+ 69.Kf4 Rb1 70.Rc2 Rb4+ 71.Rc4 Rxc4+ 72.Bxc4 Bh3
73.Bh4 Kh5 74.Be1 Kg6 75.Bd3 Bg4 76.Bc2 Bh3 77.Kg3 Bg4 78.h3 Be2 79.Kf4 Kf6
80.Bxf5  1-0

[Event "TCh-BEL 2007-8"]
[Site "Belgium BEL"]
[Date "2007.11.04"]
[Round "3"]
[White "Van Heirzeele,D"]
[Black "Hartung,J"]
[Result "0-1"]
[WhiteElo "2244"]
[BlackElo "2200"]

1.d4 d5 2.c4 c6 3.Nf3 Nf6 4.Qb3 Qb6 5.Nc3 dxc4 6.Qxc4 Bf5 7.g3 e6 8.Bg2 Qb4
9.Ne5 Nbd7 10.a3 Nxe5 11.Qxb4 Bxb4 12.axb4 Nc4 13.b5 O-O 14.bxc6 bxc6 15.Bxc6 Rab8
16.b4 Rxb4 17.O-O Rc8 18.Bg2 Nb6 19.e4 Bg6 20.Rxa7 Rxc3 21.Bd2 Rcb3 22.Bxb4 Rxb4
23.Rc1 h5 24.d5 exd5 25.e5 Nfd7 26.f4 Bf5 27.Rb7 d4 28.Rc6 Rb1+ 29.Kf2 Rb2+
30.Kg1 Rxg2+ 31.Kxg2 Be4+  0-1

[Event "TCh-BEL 2007-8"]
[Site "Belgium BEL"]
[Date "2007.11.04"]
[Round "3"]
[White "Miedema,R"]
[Black "Nezar,M"]
[Result "1/2-1/2"]
[WhiteElo "2303"]
[BlackElo "2405"]

1.d4 d5 2.c4 c6 3.Nf3 Nf6 4.Qc2 dxc4 5.Qxc4 Bf5 6.g3 e6 7.Bg2 Be7 8.Nc3 Nbd7
9.O-O O-O 10.Re1 Ne4 11.Qb3 Qb6 12.Nh4 Bxh4 13.gxh4 Ndf6 14.Qxb6 axb6 15.f3 Nxc3
16.bxc3 Bc2 17.Bf4 Nd5 18.Bd2 b5 19.Rec1 Ba4 20.e4 Nb6 21.Bf1 Nc4 22.Bxc4 bxc4
23.Bf4 Rfd8 24.Rab1 Bb5 25.Rc2 Ra3 26.Bc7 Rd7 27.Bb6 f6 28.Bc5 Ra6 29.Rd2 b6
30.Bb4 Kf7 31.Rbb2 Ra4 32.f4 Ra8 33.e5 Kg6 34.Kf2 Rf7  1/2-1/2

[Event "TCh-BEL 2007-8"]
[Site "Belgium BEL"]
[Date "2007.11.04"]
[Round "3"]
[White "De Haan,E"]
[Black "Levin,F"]
[Result "0-1"]
[WhiteElo "2339"]
[BlackElo "2552"]

1.d4 d5 2.c4 dxc4 3.Nf3 c6 4.a4 Nf6 5.Nc3 Na6 6.e4 Bg4 7.Bxc4 Bxf3 8.gxf3 e6
9.O-O Nb4 10.a5 Be7 11.Be3 O-O 12.Kh1 b5 13.Be2 a6 14.Rg1 Kh8 15.Qb3 Nd7
16.Rg3 Qc7 17.Bg5 Bxg5 18.Rxg5 c5 19.dxc5 Nc6 20.Rag1 g6 21.Qd1 f6 22.R5g3 Nxc5
23.Qc1 Nd4 24.Bf1 g5 25.Qe3 Ncb3 26.Rg4 b4 27.Ne2 e5 28.h4 h5 29.R4g3 Rf7
30.Rh3 Rh7 31.Ng3 Nxa5 32.Bd3 Nc4 33.Bxc4 Qxc4 34.Rc1 Qe6 35.Rh2 Rc8 36.Ra1 Nc2
37.Qc1 Nxa1 38.Qxa1 g4 39.Nf5 Qc4 40.Qg1 Qc1 41.fxg4 Qxg1+ 42.Kxg1 Rc2 43.Rh3 Rxb2
44.Rd3 Rb7 45.Nh6 b3 46.Rd8+ Kh7 47.Ng8 Kg7 48.gxh5 Rc2 49.h6+ Kg6 50.Rd6 b2  0-1

[Event "Open"]
[Site "Villa de Navalmoral ESP"]
[Date "2007.11.07"]
[Round "4"]
[White "Epishin,V"]
[Black "Alsina Leal,D"]
[Result "1/2-1/2"]
[WhiteElo "2578"]
[BlackElo "2435"]

1.d4 d5 2.c4 c6 3.Nf3 Nf6 4.Qb3 dxc4 5.Qxc4 Bf5 6.g3 e6 7.Bg2 Be7 8.O-O O-O
9.b3 Nbd7 10.Bb2 Rc8 11.e3 b5 12.Qe2 Qb6 13.Nbd2 c5 14.Rfc1 a6 15.a4 Bg6
16.axb5 axb5 17.Bf1 b4 18.Qb5 Qxb5 19.Bxb5 Rb8 20.Be2 Ra8 21.Nh4 Bh5 22.Bxh5 Nxh5
23.Nhf3 Nhf6 24.Kf1 Rfc8 25.Ke2 Rxa1 26.Rxa1 Kf8 27.Nc4 cxd4 28.Bxd4 Ne4
29.Ra7 Nec5 30.Nfd2 f6 31.Na5 e5 32.Bxc5 Nxc5 33.Nb7 Nxb7 34.Rxb7 Rc3 35.g4 Kf7
36.h4 g6 37.h5 gxh5 38.gxh5 Ke6 39.Ra7 Rc1 40.Ra6+ Kf7 41.Ne4 Rb1 42.Kf3 Rxb3
43.Kg4 Rb1 44.Rb6 b3 45.Kf5 b2 46.Rb7 Rh1 47.Rxb2 Rxh5+ 48.Kg4 Kg6 49.Rb6 Rh1
50.Kf3 h5 51.Rb7 Bf8 52.Rb8 Be7 53.Rb7 Bf8 54.Rb8 Bh6 55.Rb6 Bg5 56.Ke2 Rg1
57.f4 exf4 58.exf4 Bh4 59.Rb5 Re1+ 60.Kf3 Rf1+ 61.Ke3 Re1+ 62.Kf3 Rf1+ 63.Ke3 Re1+  1/2-1/2

[Event "TCh-HUN 2007-8"]
[Site "Budapest HUN"]
[Date "2007.11.11"]
[Round "2"]
[White "Lukacs,P"]
[Black "To,N"]
[Result "1/2-1/2"]
[WhiteElo "2413"]
[BlackElo "2281"]

1.d4 d5 2.c4 c6 3.Nf3 Nf6 4.Qb3 dxc4 5.Qxc4 Bf5 6.g3 e6 7.Bg2 Nbd7 8.O-O Be7
9.Nc3 O-O 10.Re1 Ne4 11.Qb3 Qb6 12.Nh4 Bxh4 13.gxh4 Qxb3 14.axb3 Nef6 15.e4 Bg6
16.f3 Rfd8 17.Be3 a6 18.Red1 Ne8 19.Bh3 Nc7 20.Bf4 Nb5 21.Na4 Re8 22.Rd2  1/2-1/2

[Event "TCh-FIN 2007-8"]
[Site "Finland FIN"]
[Date "2007.11.17"]
[Round "4"]
[White "Sisatto,O"]
[Black "Lammi,J"]
[Result "1-0"]
[WhiteElo "2264"]
[BlackElo "2182"]

1.d4 d5 2.Nf3 Nf6 3.c4 c6 4.Qc2 e6 5.Bg5 Nbd7 6.e3 Qa5+ 7.Nbd2 Ne4 8.Bf4 Bb4
9.Bd3 f5 10.Ke2 Nxd2 11.Nxd2 Bxd2 12.Qxd2 Qxd2+ 13.Kxd2 Nf6 14.Rhc1 Bd7 15.Rab1 Ke7
16.b4 a6 17.a4 Ne4+ 18.Ke2 g5 19.Be5 Rhg8 20.h3 Nd6 21.cxd5 exd5 22.Rc2 Ke6
23.g4 Ke7 24.f3 h6 25.Bxd6+ Kxd6 26.gxf5 Rae8 27.Kd2 h5 28.e4 Ref8 29.e5+ Ke7
30.f6+ Ke6 31.b5 axb5 32.axb5 Ra8 33.bxc6 Bxc6 34.Rb6 Rgc8 35.Bb5 Kd7 36.Rxb7+  1-0

[Event "TCh-BEL 2007-8"]
[Site "Belgium BEL"]
[Date "2007.11.18"]
[Round "4"]
[White "Mohandesi,S"]
[Black "Vandevoort,P"]
[Result "0-1"]
[WhiteElo "2322"]
[BlackElo "2375"]

1.d4 d5 2.c4 c6 3.Nf3 Nf6 4.Qc2 g6 5.Bf4 Bg7 6.e3 O-O 7.Nc3 a6 8.h3 b5 9.cxd5 cxd5
10.Be2 Bb7 11.O-O Nc6 12.a4 b4 13.Na2 Qb6 14.Qb3 Ne4 15.Rfd1 Rac8 16.Bd3 Rfd8
17.Ne5 Bxe5 18.Bxe5 Nxe5 19.dxe5 a5 20.Nc1 Nc5 21.Qa2 Qe6 22.f4 f6 23.Qb1 d4
24.Bxg6 dxe3 25.Bxh7+ Kh8 26.Re1 Qc6 27.Qg6 fxe5 28.fxe5 Qxg6 29.Bxg6 Rg8
30.Rxe3 Rxg6 31.g4 Rgc6 32.Ne2 Ne6 33.Re1 Rc2 34.b3 Rd8 35.Kf2 Nf4 36.Kg3 Nxe2+
37.R1xe2 Rxe2 38.Rxe2 Rd3+ 39.Kh4 Kg7 40.e6 Bd5 41.Re5 Kf6 42.Rh5 Kxe6 43.Rh6+ Ke5
44.Ra6 Kf4 45.Rxa5 e5 46.Rb5 Bg2 47.Rxb4+ e4 48.Kh5 Bxh3 49.g5 Bf5 50.Kh6 Rd7
51.g6 Rd6 52.Kg7 Rxg6+ 53.Kf7 Ra6 54.Ke7 Re6+ 55.Kd8 Re5 56.Rc4 Be6 57.Rc3 e3  0-1

[Event "WYb14"]
[Site "Kemer TUR"]
[Date "2007.11.24"]
[Round "7"]
[White "Koohestani,S"]
[Black "Pavlidis,Ant"]
[Result "1-0"]
[WhiteElo "2090"]
[BlackElo "2192"]

1.d4 d5 2.Nf3 Nf6 3.c4 c6 4.Qc2 g6 5.e3 Bg7 6.Bd3 O-O 7.Nbd2 Na6 8.a3 c5
9.cxd5 Nxd5 10.Bxa6 bxa6 11.dxc5 Bb7 12.O-O Rc8 13.Rb1 a5 14.b4 axb4 15.axb4 a5
16.Ba3 axb4 17.Bxb4 Ba6 18.Rfc1 Qc7 19.c6 Rfd8 20.Qc5 Rd6 21.Ba5 Qxc6 22.Qxc6 Rdxc6
23.Rxc6 Rxc6 24.Rb8+ Bf8 25.h3 Kg7 26.e4 Nf6 27.Bb4 Rc8 28.Rxc8 Bxc8 29.Bc3 e6
30.g4 h6 31.h4 g5 32.hxg5 hxg5 33.Nxg5 Kg6 34.Bxf6 Kxf6 35.Nh7+ Kg7 36.Nxf8 Kxf8
37.e5 Kg7 38.Ne4 Bb7 39.Nf6 Kg6 40.f4 Ba6  1-0

[Event "KNSB TCh-NED 2007-8"]
[Site "Netherlands NED"]
[Date "2007.11.24"]
[Round "4"]
[White "Peng Zhaoqin"]
[Black "Janssen,Ru"]
[Result "1/2-1/2"]
[WhiteElo "2419"]
[BlackElo "2513"]

1.d4 d5 2.c4 c6 3.Nf3 dxc4 4.e3 Be6 5.a4 Nf6 6.Na3 Nbd7 7.Nxc4 g6 8.Be2 Bg7
9.O-O O-O 10.b4 Bd5 11.Bb2 Ne4 12.Nfd2 Nxd2 13.Qxd2 Nb6 14.Na5 Rb8 15.Rfc1 Qd6
16.b5 f5 17.bxc6 bxc6 18.Qc2 Rf6 19.Nc4 Qe6 20.Ne5 Nd7 21.Nxd7 Qxd7 22.Ba3 Rff8
23.Bc4 Rfc8 24.Rab1 e6 25.g3 Bf8 26.Bxf8 Kxf8 27.Rxb8 Rxb8 28.Bxd5 cxd5 29.Qc7 Qxc7
30.Rxc7 a5 31.Ra7 Rb1+ 32.Kg2 g5 33.Rxa5 Kf7 34.Ra7+ Kg6 35.h3 h5 36.a5 Ra1
37.Ra8 f4 38.gxf4 gxf4 39.Kf3 fxe3 40.fxe3 Kg5 41.Kg3 Kf5 42.Kf3 Rf1+ 43.Ke2 Ra1
44.Kd2 Ke4 45.Ra6 Kf3 46.Rxe6 Rxa5 47.Rh6 Ra2+ 48.Kc3 Kxe3 49.Rxh5 Ra3+ 50.Kb4 Rd3
51.Kc5 Rxd4 52.Re5+ Re4 53.Kxd5 Rxe5+ 54.Kxe5 Kf3  1/2-1/2

[Event "KNSB TCh-NED 2007-8"]
[Site "Netherlands NED"]
[Date "2007.11.24"]
[Round "4"]
[White "Bosch,Je"]
[Black "De Vreugt,D"]
[Result "1-0"]
[WhiteElo "2437"]
[BlackElo "2411"]

1.d4 d5 2.c4 c6 3.Nf3 Nf6 4.Qc2 g6 5.Bf4 Bg7 6.e3 Nh5 7.Be5 Qa5+ 8.Nc3 O-O
9.a3 Bf5 10.Qd2 f6 11.Bxb8 Raxb8 12.h3 g5 13.g4 Bg6 14.Be2 dxc4 15.Bxc4+ Kh8
16.Be2 Rbd8 17.h4 e5 18.gxh5 Bxh5 19.Ne4 Qxd2+ 20.Nfxd2 Bxe2 21.Kxe2 exd4
22.hxg5 f5 23.Nf6 Bxf6 24.gxf6 Rxf6 25.exd4 Rxd4 26.Nf3 Re4+ 27.Kf1 Rf4 28.Rh3 Rg4
29.Rd1 Rg7 30.Ne5 f4 31.Rd8+ Rg8 32.Rd7 Rg7 33.Rhd3 Re6 34.Rd8+ Rg8 35.Nf7+ Kg7
36.R3d7  1-0

[Event "WYg18"]
[Site "Kemer TUR"]
[Date "2007.11.25"]
[Round "8"]
[White "Zhorzholiani,M"]
[Black "Atnilov,Be"]
[Result "1/2-1/2"]
[WhiteElo "2110"]
[BlackElo "2170"]

1.d4 d5 2.c4 c6 3.Nf3 Nf6 4.Qc2 dxc4 5.Qxc4 Bf5 6.g3 e6 7.Bg2 Nbd7 8.Nc3 Be7
9.Qb3 Qb6 10.Nd2 Qxb3 11.axb3 O-O 12.Nc4 Bb4 13.Bf4 Be4 14.f3 Bc2 15.Bd6 Bxd6
16.Nxd6 Rfb8 17.b4 Nd5 18.Nxd5 cxd5 19.e4 Nb6 20.Rc1 Ba4 21.Rc7 Be8 22.Kf2 Rd8
23.Nxb7 Rdc8 24.Rxc8 Rxc8 25.Nc5 dxe4 26.fxe4 Rd8 27.Rd1 Nc4 28.b3 Ne5 29.d5 exd5
30.exd5 Ng4+ 31.Kf3 Nf6 32.Kf4 Rb8 33.Rd4 Kf8 34.d6 Bb5 35.g4 Nd7 36.Be4 Ke8
37.Bf5 Kd8 38.h4 Bc6 39.Nxd7 Bxd7 40.Bxh7 Be6 41.h5 f6 42.Bc2 Rb6 43.d7 Rc6
44.Be4 Rc1 45.Rd3 Rf1+ 46.Bf3 Bxd7 47.Rd1 Rf2 48.Kg3 Rc2 49.Be4 Rc3+ 50.Rd3 Rxd3+
51.Bxd3 Ke7 52.Kf4 Kd6 53.Bc4 Ke7 54.g5 fxg5+ 55.Kxg5 Bc6 56.Be2 Be4 57.Kf4 Bc2
58.Bc4 Kf6  1/2-1/2

[Event "WYb14"]
[Site "Kemer TUR"]
[Date "2007.11.26"]
[Round "9"]
[White "Koohestani,S"]
[Black "Ipatov,A"]
[Result "0-1"]
[WhiteElo "2090"]
[BlackElo "2265"]

1.d4 d5 2.Nf3 Nf6 3.c4 c6 4.Qc2 dxc4 5.Qxc4 Bf5 6.Nc3 e6 7.Bg5 Be7 8.e3 h6
9.Bh4 Nbd7 10.Be2 Qb6 11.O-O-O a5 12.Ne5 Qb4 13.Nxd7 Nxd7 14.Bxe7 Qxe7 15.e4 Bh7
16.d5 Qg5+ 17.Rd2 exd5 18.exd5 O-O 19.Qg4 Qe7 20.d6 Qd8 21.Qd4 Qg5 22.Qg4 Qd8
23.Qd4 a4 24.Bd3 Bxd3 25.Rxd3 a3 26.b3 Re8 27.Rg3 Qf6 28.Qxf6 Nxf6 29.Rd1 Rad8
30.Kc2 b5 31.b4 Re6 32.Rgd3 Ng4 33.Rd4 f5 34.R1d2 Nxh2 35.Kb3 Ng4 36.Kxa3 Ne5
37.Kb3 Nc4 38.Re2 Rxe2 39.Nxe2 Nxd6 40.Nf4 Kf7 41.Nd3 Kf6 42.Nc5 g5 43.Kc3 Nf7
44.a4 bxa4 45.Nxa4 h5 46.Rxd8 Nxd8 47.Kd4 Ne6+ 48.Ke3 Nf4 49.Nc3 Nxg2+ 50.Kf3 Nh4+
51.Ke2 Ng6 52.b5 cxb5 53.Nxb5 Ke5 54.Na3 h4 55.Nc4+ Kf4 56.Kf1 h3 57.Nb2 Nh4
58.Kg1 Kf3 59.Nd3 Ke2 60.Nc1+ Kd1 61.Nd3 Kd2 62.Nc5 Ke2 63.Ne6 Nf3+ 64.Kh1 Kxf2
65.Nf4 Kg3 66.Nxh3 g4 67.Nf2 Ne5 68.Kg1 Kf3 69.Nd1 g3 70.Nc3 g2 71.Kh2 Ng4+
72.Kg1 Nf2  0-1

[Event "WYb14"]
[Site "Kemer TUR"]
[Date "2007.11.26"]
[Round "9"]
[White "Klecker,T"]
[Black "Mehar,C"]
[Result "0-1"]
[WhiteElo "2078"]
[BlackElo "2246"]

1.d4 d5 2.c4 c6 3.Nf3 Nf6 4.Qc2 dxc4 5.Qxc4 Bf5 6.Nc3 Nbd7 7.g3 e6 8.Bg2 Be7
9.O-O h6 10.Re1 Ne4 11.e3 O-O 12.Qe2 Bf6 13.Nd2 Nxd2 14.Bxd2 Bg6 15.Ne4 Be7
16.Bc3 Re8 17.Rad1 Qc7 18.f4 f5 19.Nf2 Nb6 20.b3 Nd5 21.Bb2 Nb4 22.Bc1 Qa5
23.Rd2 Nd5 24.e4 Nc3 25.Qe3 Nxa2 26.Nd3 Nxc1 27.Rxc1 Rec8 28.Ne5 Bh7 29.h4 c5
30.Nc4 cxd4 31.Qd3 Qa6 32.Rf1 b5 33.Ne5 Rc3 34.Qe2 Rxg3 35.Kh2 Rxb3 36.Qh5 Rf8
37.Rxd4 Rb2 38.Nd3 Rd2 39.Rf3 Qa1  0-1

[Event "WYb16"]
[Site "Kemer TUR"]
[Date "2007.11.26"]
[Round "9"]
[White "Fodor,T jr"]
[Black "Tvarijonas,P"]
[Result "1-0"]
[WhiteElo "2422"]
[BlackElo "2288"]

1.d4 d5 2.c4 c6 3.Nf3 Nf6 4.Qb3 e6 5.g3 Bd6 6.Bg2 O-O 7.O-O Nbd7 8.Nbd2 b6
9.Qc2 Bb7 10.b3 Rc8 11.Bb2 c5 12.Rad1 Qe7 13.Qb1 Rfd8 14.cxd5 exd5 15.dxc5 bxc5
16.Rfe1 Ne5 17.Qa1 d4 18.b4 Neg4 19.Nc4 Bb8 20.bxc5 Ba6 21.Nd6 Rxc5 22.Bxd4 Bxd6
23.h3 Nh6 24.e4 Ne8 25.e5 Bc7 26.Bxc5 Qxc5 27.Rc1 Qe7 28.Nd4 Qg5 29.h4 Qd2
30.Rcd1 Qb4 31.Nc6 Rxd1 32.Qxd1 Qf8 33.Qd7 Bb6 34.Ne7+ Kh8 35.Nd5 Bd4 36.Re4 Bc5
37.Rf4 g6 38.e6 f5 39.Ra4 Bd3 40.e7 Qf7 41.Ra5 Bd4 42.Nf4 Bf6 43.Nxd3 Bxe7
44.Bd5 Qf8 45.Rxa7  1-0

[Event "WYb16"]
[Site "Kemer TUR"]
[Date "2007.11.27"]
[Round "10"]
[White "Fodor,T jr"]
[Black "Mustafaev,J"]
[Result "0-1"]
[WhiteElo "2422"]
[BlackElo "2275"]

1.d4 d5 2.c4 c6 3.Nf3 Nf6 4.Qb3 dxc4 5.Qxc4 Bf5 6.Nc3 e6 7.g3 Nbd7 8.Bg2 Be7
9.O-O O-O 10.Re1 Ne4 11.Qb3 Qb6 12.Nh4 Bxh4 13.gxh4 Ndf6 14.Qxb6 axb6 15.f3 Nxc3
16.bxc3 Bc2 17.e4 Ra4 18.Bf1 Rfa8 19.a3 b5 20.Bb2 Bb3 21.Kf2 Bc4 22.Bh3 Nd7
23.Rg1 Rd8 24.f4 Raa8 25.Rg3 Nc5 26.Ke3 Na4 27.Rg2 Ra7 28.Bg4 Rda8 29.Bd1 Nxb2
30.Rxb2 Rxa3 31.Rxa3 Rxa3 32.Kd2 Kf8 33.Bc2 Ke7 34.e5 g6 35.h5 gxh5 36.Bxh7 f5
37.exf6+ Kxf6 38.h4 Ra1 39.Bb1 Ra8 40.Be4 Rg8 41.Bf3 Rg3 42.Bxh5 Rh3 43.Rb1 Rxh4
44.Bf3 Kf5 45.Rg1 Kxf4 46.Bd1 Rh2+ 47.Kc1 Rh3 48.Kb2 Rg3 49.Rh1 Rg2+ 50.Kc1 Rg7
51.Rh8 Bd5 52.Bc2 Re7 53.Rh4+ Kg5 54.Rh8 Kf6 55.Rf8+ Kg7 56.Rb8 Rd7 57.Kb2 Kf7
58.Ka3 Ke7 59.Kb4 Kd6 60.Rg8 Kc7 61.Rh8 Kb6 62.Re8 Rg7 63.Bb3 Rg1 64.Bxd5 exd5
65.Re7 Rb1+ 66.Ka3 b4+ 67.Ka2 Rc1 68.cxb4 Rc4 69.Kb3 Rxd4 70.Rd7 Rh4 71.Kc3 Ka6
72.Rc7 Rc4+ 73.Kb3 b6 74.Ka3 Kb5  0-1